000 01501nam0a2200325 4500
001 RU\NLR\bibl\90951
005 20260406104954.0
010 _a5-7691-1005-8
_9500
021 _aRU
_b2000-5285
_9268
035 _a(NLR Aleph) 000088885
090 _a497924
_c497924
100 _a20000608d1999 |||y0rusy50 ca
101 0 _arus
102 _aRU
105 _ay |||||||||
200 1 _aЗаконодательство и правотворческий процесс в Свердловской области: состояние, проблемы, совершенствование
_f[А.В. Гайда, д.филос.н., проф., М.Ф. Казанцев, к.ю.н., доц, К.В. Киселев, доц. и др.]
_gРос. акад. наук. Ур. отд-ние, Ин-т философии и права
210 _aЕкатеринбург
_cИн-т философии и права
_d1999
215 _a139 с.
_d20
606 0 _aЗаконодательство
_yСвердловская область
_92172675
_3RU\NLR\auth\661306867
686 _aХ62-39(2Р-4Св)
701 1 _aГайда
_bА. В.
_4070
701 1 _aКазанцев
_bМ. Ф.
_4070
701 1 _aКиселев
_bК. В.
_4070
712 0 2 _4570
_aИнститут философии и права
_cЕкатеринбург
_3RU\NLR\AUTH\883811
_9278952
801 0 _aRU
_bNLR
_c20000608
_gPSBO
801 1 _aRU
_bNLR
_c20000608
852 _aNLR
_j2000-3/4810
942 _cBOOK
980 _aNB